000 00774nam a22002777a 4500
003 CHAP
005 20220329135741.0
008 971013s1972 r 00010 d
010 _a41490
011 _a42462
035 _a46591
040 _cCHAP
082 _a633.74
_bE58
100 0 0 _aEntwistle, P. F.
_937168
245 _aPests of cocoa
260 _aLondon :
_bLongman,
_c1972
300 _a779 p.
_b: ilus. ; láms.
490 _aTropical science series
590 _aBATCH-UPD
_b10
_c20130110
_lUCH01
_h1724
590 _aCONVERSION
_b10
_c20130109
_lUCH01
_h1323
650 1 4 _aCacao
_xPlagas.
_916963
830 0 _aTropical science series
_9115318
901 _aBK
942 _cLIBRO
949 _a633.74 E58
_bBC
_cLIBRO
_d33724000664009
_eLIBRO
_h17888
_i46591
_si
999 _c41490
_d41490